|
|
|
|
| LEADER |
00000nam0a2200000 4500 |
| 001 |
237594 |
| 005 |
20231101231541.0 |
| 035 |
|
|
|a (RuTPU)RU\TPU\book\258768
|
| 090 |
|
|
|a 237594
|
| 100 |
|
|
|a 20130516d1978 k y0rusy50 ca
|
| 101 |
0 |
|
|a rus
|
| 102 |
|
|
|a RU
|
| 105 |
|
|
|a a z 001zy
|
| 200 |
1 |
|
|a Радиофизические исследования планет
|f Н. Н. Крупенио
|g Академия наук СССР (АН СССР)
|
| 210 |
|
|
|a Москва
|c Наука
|d 1978
|
| 215 |
|
|
|a 184 с.
|c ил.
|
| 225 |
1 |
|
|a Наука и технический прогресс
|
| 320 |
|
|
|a Библиогр.: с. 182.
|
| 606 |
1 |
|
|a Планеты
|x Физика
|2 stltpush
|3 (RuTPU)RU\TPU\subj\49004
|9 67816
|
| 610 |
1 |
|
|a исследования
|
| 610 |
1 |
|
|a методы
|
| 610 |
1 |
|
|a радиоаппаратура
|
| 610 |
1 |
|
|a Луна
|
| 610 |
1 |
|
|a изучение
|
| 610 |
1 |
|
|a результаты
|
| 675 |
|
|
|a 523.4
|v 3
|
| 700 |
|
1 |
|a Крупенио
|b Н. Н.
|g Николай Николаевич
|
| 712 |
0 |
2 |
|a Академия наук СССР (АН СССР)
|2 stltpush
|3 (RuTPU)RU\TPU\col\722
|
| 801 |
|
1 |
|a RU
|b 63413507
|c 20130516
|
| 801 |
|
2 |
|a RU
|b 63413507
|c 20210121
|g RCR
|
| 942 |
|
|
|c BK
|